• 首页
  • 本馆介绍
  • 公告通知
  • 最新文献
  • 馆藏检索
  • 电子资源
  • 读者导购
  • 参考咨询
  • 我的图书馆
  • 登录
  • 详细信息显示
  • 放入我的书架
  • 预约/预借图书
  • 作者相关作品
  • 分类相关作品
  • 丛书相关作品
  • 出版社相关作品

书目信息

  • 表格格式
  • 工作单格式
  • 卡片格式
题名:
知识经济与教育
    
 
作者: 彭坤明 著
分册:  
出版信息: 南京   南京师范大学出版社  1998
页数: 221页
开本: 20cm
丛书名: 21世纪管理者文库
单 册:
中图分类: F124.3 , G52 , G4
科图分类:
主题词: 知识经济--关系--教育--中国 , 知识经济 , 教育 , 教育
电子资源:
ISBN: 7-81047-218-6
000 00907oam2 2200301 450
001 1554708056
005 20151110115942.59
010    @a7-81047-218-6@dCNY16.00
100    @a19981125d1998 em y0chiy0110 ea
101 0  @achi
102    @aCN@b320000
105    @ay z 000yy
200 1  @a知识经济与教育@9zhi shi jing ji yu jiao yu@e教育与21世纪经济社会可持续发展引论@f彭坤明著
210    @a南京@c南京师范大学出版社@d1998
215    @a221页@d20cm
225 2  @a21世纪管理者文库
461  0 @12001 @a21世纪管理者文库
517 1  @a教育与21世纪经济社会可持续发展引论@9jiao yu yu 21 shi ji jing ji she hui ke chi xu fa zhan yin lun
606 0  @a知识经济@x关系@x教育@y中国
606 0  @a知识经济
606 0  @a教育
606 0  @a教育
690    @aF124.3@v5
690    @aG52@v5
690    @aG4@v4
701  0 @a彭坤明@9peng kun ming@4著
801  0 @aCN@bTSSF@c20150203
905    @aZUCC@dG4@eJY332
    
    知识经济与教育:教育与21世纪经济社会可持续发展引论/彭坤明著.-南京:南京师范大学出版社,1998
    221页;20cm.-(21世纪管理者文库)
    
    
    ISBN 7-81047-218-6:CNY16.00
    
●
相关链接 在E读中查询图书 在五车中查询图书 在当当中查询图书 在豆瓣中查询图书


正题名:知识经济与教育     索取号:G4/JY332         预约/预借

序号 登录号 条形码 馆藏地/架位号 状态 备注
1 7865269   278652691   学院路分馆/ [索取号:G4/JY332] 在馆    
唐山师范学院图书馆 欢迎您!
大连网信软件有限公司© 版权所有